Využívanie nástrojov IKT v kontexte informačnej gramotnosti
Niektoré aspekty informačnej gramotnosti, na ktoré sa pri využívaní nástrojov IKT často zabúda. Informačné kompetencie, informačná a počítačová gramotnosť a efektívnosť využívania IKT.
Na minha lista:
| Autor principal: | |
|---|---|
| Formato: | Capítulo de Livro |
| Idioma: | eslovaco |
| Assuntos: | |
| Tags: |
Sem tags, seja o primeiro a adicionar uma tag!
|
MARC
| LEADER | 00000nla a2200000 4500 | ||
|---|---|---|---|
| 001 | 0226400 | ||
| 005 | 20240502073725.1 | ||
| 041 | 0 | |a slo | |
| 044 | |a SK | ||
| 245 | 1 | 0 | |a Využívanie nástrojov IKT v kontexte informačnej gramotnosti |c Ladislav Pasiar |
| 520 | |a Niektoré aspekty informačnej gramotnosti, na ktoré sa pri využívaní nástrojov IKT často zabúda. Informačné kompetencie, informačná a počítačová gramotnosť a efektívnosť využívania IKT. | ||
| 610 | 2 | 0 | |a gramotnosť informačná |
| 610 | 2 | 0 | |a vzdelávanie ďalšie |
| 610 | 2 | 0 | |a odbornosť |
| 610 | 2 | 0 | |a efektívnosť vzdelávania |
| 610 | 2 | 0 | |a technológie informačné |
| 610 | 2 | 0 | |a technológie komunikačné |
| 100 | 1 | |a Pasiar, Ladislav, 1984- | |